| 000 -LEADER | |
|---|---|
| fixed length control field | 00402nam a22001697a 4500 |
| 005 - DATE AND TIME OF LATEST TRANSACTION | |
| control field | 20260509104056.0 |
| 008 - FIXED-LENGTH DATA ELEMENTS--GENERAL INFORMATION | |
| fixed length control field | 160530b xxu||||| |||| 00| 0 eng d |
| 020 ## - INTERNATIONAL STANDARD BOOK NUMBER | |
| ISBN | 978-81-7446-639-6 |
| 041 ## - LANGUAGE CODE | |
| Language code of text/sound track or separate title | eng |
| 082 ## - DEWEY DECIMAL CLASSIFICATION NUMBER | |
| Classification number | 659.14 |
| 100 ## - MAIN ENTRY--AUTHOR NAME | |
| Personal name | Kazmi. S.H.H & others |
| 245 ## - TITLE STATEMENT | |
| Title | Advertising & Sales Promotion |
| 260 ## - PUBLICATION, DISTRIBUTION, ETC. (IMPRINT) | |
| Name of publisher | Excel Books |
| Year of publication | 2009 |
| 300 ## - PHYSICAL DESCRIPTION | |
| Number of Pages | 645 |
| 650 ## - SUBJECT ADDED ENTRY--TOPICAL TERM | |
| Topical Term | Management |
| 942 ## - ADDED ENTRY ELEMENTS (KOHA) | |
| Koha item type | Books |
| Lost status | Damaged status | Collection code | Home library | Current library | Shelving location | Date acquired | Cost, normal purchase price | Full call number | Accession Number | Koha item type |
|---|---|---|---|---|---|---|---|---|---|---|
| Reference | JRU Library | SHELF-29-G | 30/05/2016 | 325.00 | 6192 | 6192 | Books | |||
| MANAGEMENT | JRU Library | JRU Library | SHELF-73-C | 30/05/2016 | 325.00 | 659.14 | 6193 | Books | ||
| MANAGEMENT | JRU Library | JRU Library | SHELF-73-C | 30/05/2016 | 325.00 | 659.14 | 6194 | Books | ||
| MANAGEMENT | JRU Library | JRU Library | SHELF-73-C | 30/05/2016 | 325.00 | 659.14 | 6195 | Books | ||
| MANAGEMENT | JRU Library | JRU Library | SHELF-73-C | 30/05/2016 | 325.00 | 659.14 | 6196 | Books |